[Event "Leiden Noteboom op 83rd"]
[Site "Leiden"]
[Date "2024.02.17"]
[Round "4"]
[White "Roebers, Jan"]
[Black "Tiggelman, Rene"]
[Result "1/2-1/2"]
[WhiteElo "2064"]
[BlackElo "2177"]
[PlyCount "69"]
[EventDate "2024.02.16"]
[EventType "swiss"]
[EventRounds "6"]
[EventCountry "NED"]
[SourceTitle "CB08_2024"]
[SourceDate "2024.02.21"]
[SourceVersion "1"]
[SourceVersionDate "2024.02.21"]
[SourceQuality "1"]

1. e4 e6 2. d4 d5 3. Nc3 Nf6 4. e5 Nfd7 5. Nce2 c5 6. c3 Nc6 7. f4 cxd4 8. cxd4 Qb6 9. Nf3 f6 10. exf6 Nxf6 11. Nc3 Bd6 12. Bd3 0-0 13. Bc2 Bd7 14. Bb3 Rae8 15. 0-0 g6 16. g3 Nh5 17. Na4 Qd8 18. Nc5 Bc8 19. Be3 Ng7 20. Rc1 Nf5 21. Bf2 Be7 22. Ba4 Qb6 23. Bxc6 bxc6 24. b3 Bf6 25. Qc2 Qd8 26. Rfe1 Rf7 27. Ne5 Bxe5 28. Rxe5 Nd6 29. Rce1 Rf5 30. Rxf5 exf5 31. Re5 Nf7 32. Re2 Re7 33. Kf1 Qe8 34. Rxe7 Qxe7 35. Qe2 1/2-1/2

[Event "Helmond Rapid op"]
[Site "Helmond"]
[Date "2023.06.10"]
[Round "2"]
[White "Roebers, Jan"]
[Black "Robinson, Roland1111"]
[Result "1/2-1/2"]
[WhiteElo "2084"]
[BlackElo "1702"]
[PlyCount "45"]
[EventDate "2023.06.10"]
[EventType "swiss (rapid)"]
[EventRounds "9"]
[EventCountry "NED"]
[SourceTitle "CBM 214 Extra"]
[Source "ChessBase"]
[SourceDate "2023.07.31"]
[SourceVersion "1"]
[SourceVersionDate "2023.07.31"]
[SourceQuality "1"]

1. e4 c6 2. Nf3 d5 3. Nc3 dxe4 4. Nxe4 Bg4 5. h3 Bh5 6. Ng3 Bg6 7. Nh4 e6 8. Nxg6 hxg6 9. d4 Nf6 10. c3 Bd6 11. Qf3 Nbd7 12. Ne4 Nxe4 13. Qxe4 Nf6 14. Qf3 Qb6 15. a4 a5 16. g4 Rc8 17. Bg2 Qc7 18. 0-0 Nd5 19. Re1 0-0 20. Re4 Nf6 21. Re2 Nd5 22. Re4 Nf6 23. Re2 1/2-1/2

[Event "Titled Tuesday intern op 18th Apr Early"]
[Site "Chess.com INT"]
[Date "2023.04.18"]
[Round "6"]
[White "Roebers, Jan"]
[Black "Chincholimath, Halsagar"]
[Result "0-1"]
[WhiteElo "2083"]
[BlackElo "1754"]
[PlyCount "102"]
[EventDate "2023.04.18"]
[EventType "swiss (blitz)"]
[EventRounds "11"]
[EventCountry "USA"]
[SourceTitle "EXT 2024"]
[Source "ChessBase"]
[SourceDate "2023.10.10"]
[SourceVersion "1"]
[SourceVersionDate "2023.10.10"]
[SourceQuality "1"]

1. c4 e5 2. b3 Nc6 3. Bb2 f5 4. e3 Nf6 5. d4 exd4 6. exd4 Be7 7. Nf3 d6 8. d5 Nb8 9. Bd3 0-0 10. 0-0 Ne4 11. Nbd2 Bf6 12. Bxf6 Nxf6 13. Qc2 g6 14. Nd4 c6 15. dxc6 Nxc6 16. Nxc6 bxc6 17. Nf3 d5 18. Rfe1 Qd6 19. Rad1 Ba6 20. c5 Bxd3 21. Rxd3 Qf4 22. Qd2 Qc7 23. Nd4 Ne4 24. Qc2 Rae8 25. f3 Ng5 26. Rde3 Rxe3 27. Rxe3 Qf4 28. Qd2 Qh4 29. g3 Nh3+ 30. Kg2 Qh6 31. Re2 Ng5 32. h4 Nf7 33. Qxh6 Nxh6 34. Nxc6 f4 35. Ne7+ Kf7 36. c6 Nf5 37. c7 Nxe7 38. Rc2 Rc8 39. gxf4 d4 40. Rc4 d3 41. Rd4 Rxc7 42. Rxd3 Rc2+ 43. Kg3 Rxa2 44. h5 Kf6 45. hxg6 hxg6 46. Rd7 Nf5+ 47. Kg4 Rg2+ 48. Kh3 Rg3+ 49. Kh2 Rxf3 50. Rxa7 Rxb3 51. Ra6+ Kg7 0-1

[Event "EU-ch 23rd"]
[Site "Vrnjacka Banja"]
[Date "2023.03.09"]
[Round "7"]
[White "Roebers, Jan"]
[Black "Blagojevic, Tijana"]
[Result "1/2-1/2"]
[WhiteElo "2113"]
[BlackElo "2238"]
[PlyCount "100"]
[EventDate "2023.03.03"]
[EventType "swiss"]
[EventRounds "11"]
[EventCountry "SRB"]
[SourceTitle "CBM 213"]
[Source "ChessBase"]
[SourceDate "2023.04.30"]
[SourceVersion "1"]
[SourceVersionDate "2023.04.30"]
[SourceQuality "1"]

1. e4 e5 2. Nf3 Nc6 3. Bb5 Nf6 4. d3 Bc5 5. c3 d5 6. Nbd2 0-0 7. 0-0 dxe4 8. dxe4 a5 9. a4 Qe7 10. Re1 Rd8 11. Qc2 Nb8 12. Nb3 Bb6 13. Be3 Bxe3 14. Rxe3 Be6 15. Rd1 Rxd1+ 16. Qxd1 c6 17. Bf1 Nbd7 18. h3 h6 19. Nfd2 Nc5 20. Nxc5 Qxc5 21. Qc2 Nh7 22. g3 Nf6 23. Kg2 b5 24. b3 bxa4 25. bxa4 Rb8 26. Re1 Nd7 27. Be2 Qa3 28. Bg4 Rb2 29. Qd3 Qa2 30. Bxe6 Rxd2 31. Bxa2 Rxd3 32. Rb1 Rxc3 33. Rb7 Ra3 34. Bxf7+ Kxf7 35. Rxd7+ Kf8 36. Rc7 Rxa4 37. Ra7 c5 38. Rc7 Rc4 39. Kf3 a4 40. Ra7 h5 41. g4 Rc3+ 42. Kg2 hxg4 43. hxg4 a3 44. f3 Kg8 45. g5 Kh7 46. Re7 a2 47. Ra7 Kg6 48. Rxa2 Kxg5 49. Ra7 g6 50. Rf7 c4 1/2-1/2

[Event "EU-ch 23rd"]
[Site "Vrnjacka Banja"]
[Date "2023.03.08"]
[Round "6"]
[White "Shohat, Yotam"]
[Black "Roebers, Jan"]
[Result "1-0"]
[WhiteElo "2302"]
[BlackElo "2113"]
[PlyCount "67"]
[EventDate "2023.03.03"]
[EventType "swiss"]
[EventRounds "11"]
[EventCountry "SRB"]
[SourceTitle "CBM 213"]
[Source "ChessBase"]
[SourceDate "2023.04.30"]
[SourceVersion "1"]
[SourceVersionDate "2023.04.30"]
[SourceQuality "1"]

1. e4 e5 2. Nf3 Nc6 3. Bb5 a6 4. Ba4 Nf6 5. 0-0 Be7 6. Re1 b5 7. Bb3 0-0 8. a4 b4 9. d3 d6 10. Nbd2 Na5 11. Ba2 c5 12. c3 Rb8 13. Nf1 h6 14. Ng3 Re8 15. d4 cxd4 16. cxd4 b3 17. Bb1 exd4 18. Nxd4 Bf8 19. Bd2 Bg4 20. f3 Be6 21. Bc3 Rc8 22. Qd2 Nc4 23. Qf2 Ne5 24. h3 Bc4 25. Ngf5 g6 26. Ne3 Nd3 27. Bxd3 Bxd3 28. Rad1 Bc4 29. Kh1 Qc7 30. Ndf5 Nd7 31. Nxc4 gxf5 32. Qg3+ Kh7 33. Nxd6 fxe4 34. Qg4 1-0

[Event "EU-ch 23rd"]
[Site "Vrnjacka Banja"]
[Date "2023.03.06"]
[Round "4"]
[White "Skvortsov, Andrei"]
[Black "Roebers, Jan"]
[Result "1-0"]
[WhiteElo "2298"]
[BlackElo "2113"]
[PlyCount "114"]
[EventDate "2023.03.03"]
[EventType "swiss"]
[EventRounds "11"]
[EventCountry "SRB"]
[SourceTitle "CBM 213"]
[Source "ChessBase"]
[SourceDate "2023.04.30"]
[SourceVersion "1"]
[SourceVersionDate "2023.04.30"]
[SourceQuality "1"]

1. g3 g6 2. Bg2 Bg7 3. e4 d6 4. Ne2 Nf6 5. d4 0-0 6. 0-0 e5 7. Nbc3 exd4 8. Nxd4 Re8 9. h3 Nc6 10. Be3 Bd7 11. Nde2 Ne5 12. b3 a5 13. f4 Nc6 14. g4 h6 15. Ng3 a4 16. Nxa4 b5 17. Nc3 Nxg4 18. hxg4 Bxc3 19. f5 Bxa1 20. Qxa1 Ne5 21. g5 hxg5 22. Qc1 f6 23. fxg6 Rxa2 24. Nh5 Rf8 25. g7 Rf7 26. Rxf6 Rxf6 27. Bxg5 Qa8 28. Nxf6+ Kxg7 29. Bh6+ Kf7 30. Qg5 Ra1+ 31. Kh2 Qh8 32. Qh5+ Ng6 33. Nxd7 Ke7 34. Qxg6 Kxd7 35. Bh3+ Kc6 36. Bg7 Rh1+ 37. Kxh1 Qxh3+ 38. Kg1 Qe3+ 39. Kh2 Qf2+ 40. Kh3 Qxc2 41. Qe6 Qd1 42. Kh4 Kc5 43. Bf6 Kb4 44. Bd8 Qc2 45. Kg5 c5 46. Be7 Qg2+ 47. Kf6 c4 48. bxc4 bxc4 49. Bxd6+ Kb3 50. Qd5 Qf3+ 51. Ke7 Qe2 52. e5 Qd3 53. Qb5+ Kc2 54. e6 Kd1 55. Bb4 Qh7+ 56. Kd6 c3 57. Bxc3 Kc1 1-0

[Event "Titled Tuesday intern op 13th Dec Early"]
[Site "Chess.com INT"]
[Date "2022.12.13"]
[Round "7"]
[White "Roebers, Jan"]
[Black "Vifleemskaia, Svetlana"]
[Result "1-0"]
[WhiteElo "2119"]
[BlackElo "1947"]
[PlyCount "69"]
[EventDate "2022.12.13"]
[EventType "swiss (blitz)"]
[EventRounds "11"]
[EventCountry "USA"]
[SourceTitle "EXT 2024"]
[Source "ChessBase"]
[SourceDate "2023.10.10"]
[SourceVersion "1"]
[SourceVersionDate "2023.10.10"]
[SourceQuality "1"]

1. e4 d5 2. exd5 Nf6 3. Nf3 Bg4 4. Be2 Qxd5 5. 0-0 e5 6. Nc3 Qa5 7. d3 Be7 8. Bd2 Nbd7 9. h3 Bh5 10. a3 c6 11. b4 Qc7 12. Be3 0-0 13. Qd2 Nd5 14. Nxd5 cxd5 15. c4 d4 16. Bg5 f6 17. Bh4 g5 18. Bg3 Qd8 19. Nxd4 Bxe2 20. Nxe2 Nb6 21. Qc2 Rc8 22. c5 Nd5 23. d4 exd4 24. Nxd4 Qd7 25. Rad1 Kh8 26. Rfe1 Rcd8 27. Ne6 Rfe8 28. Nxd8 Rxd8 29. Rxd5 Qxd5 30. Rxe7 Qd1+ 31. Qxd1 Rxd1+ 32. Kh2 f5 33. Be5+ Kg8 34. Rxb7 Rd5 35. c6 1-0

[Event "Titled Tuesday intern op 13th Dec Early"]
[Site "Chess.com INT"]
[Date "2022.12.13"]
[Round "4"]
[White "Tristan, Leonardo"]
[Black "Roebers, Jan"]
[Result "1/2-1/2"]
[WhiteElo "2544"]
[BlackElo "2119"]
[PlyCount "87"]
[EventDate "2022.12.13"]
[EventType "swiss (blitz)"]
[EventRounds "11"]
[EventCountry "USA"]
[SourceTitle "EXT 2024"]
[Source "ChessBase"]
[SourceDate "2023.10.10"]
[SourceVersion "1"]
[SourceVersionDate "2023.10.10"]
[SourceQuality "1"]

1. d4 d5 2. Nf3 Nf6 3. Bf4 e6 4. e3 c5 5. Nbd2 cxd4 6. exd4 Nc6 7. c3 Be7 8. Bd3 0-0 9. 0-0 Nh5 10. Be3 Nf6 11. Ne5 Nxe5 12. dxe5 Nd7 13. f4 f5 14. exf6 Nxf6 15. Nf3 h6 16. Ne5 Ne4 17. Qc2 Bf6 18. Bxe4 dxe4 19. Qxe4 Qd5 20. Qxd5 exd5 21. Nf3 Re8 22. Bd4 Bg4 23. Bxf6 Bxf3 24. Rxf3 gxf6 25. Rd1 Re2 26. Rf2 Rae8 27. Rxd5 Re1+ 28. Rf1 R1e2 29. Rfd1 Rxb2 30. Rd8 Rxd8 31. Rxd8+ Kf7 32. f5 Ke7 33. Rh8 Kd6 34. Rxh6 Ke5 35. g4 Rxa2 36. Rg6 a5 37. Rg7 Kf4 38. h3 Kf3 39. h4 Ra1+ 40. Kh2 Ra2+ 41. Kh3 Ra1 42. Kh2 Ra2+ 43. Kg1 Ra1+ 44. Kh2 1/2-1/2

[Event "Titled Tuesday intern op 25th Oct Early"]
[Site "Chess.com INT"]
[Date "2022.10.25"]
[Round "8"]
[White "Lohani, Sujana"]
[Black "Roebers, Jan"]
[Result "1-0"]
[WhiteElo "1716"]
[BlackElo "2111"]
[PlyCount "73"]
[EventDate "2022.10.25"]
[EventType "swiss (blitz)"]
[EventRounds "11"]
[EventCountry "USA"]
[SourceTitle "EXT 2024"]
[Source "ChessBase"]
[SourceDate "2023.10.10"]
[SourceVersion "1"]
[SourceVersionDate "2023.10.10"]
[SourceQuality "1"]

1. d4 Nf6 2. Nf3 e6 3. c4 c5 4. d5 exd5 5. cxd5 d6 6. Nc3 g6 7. e4 Bg4 8. Bd3 Bg7 9. 0-0 0-0 10. h3 Bxf3 11. Qxf3 a6 12. a4 Nbd7 13. Qg3 Nh5 14. Qh2 f5 15. exf5 gxf5 16. Qxd6 Be5 17. Qh6 Qe8 18. Qe6+ Kh8 19. Bxf5 Qxe6 20. Bxe6 Ndf6 21. Re1 Bd6 22. Bh6 Ng7 23. Ne4 Nxe4 24. Rxe4 Rf6 25. Bg5 Rg6 26. Rg4 h6 27. Bd2 Rxg4 28. hxg4 Nxe6 29. dxe6 Re8 30. Re1 Kg7 31. f4 b5 32. axb5 axb5 33. f5 b4 34. Rd1 Be5 35. Be3 c4 36. Rd7+ Kf6 37. Rf7# 1-0

[Event "Spakenburg FishPartners op"]
[Site "Spakenburg"]
[Date "2022.07.02"]
[Round "7"]
[White "Andersson, Ulf"]
[Black "Roebers, Jan"]
[Result "1-0"]
[WhiteElo "2516"]
[BlackElo "2099"]
[PlyCount "28"]
[EventDate "2022.07.02"]
[EventType "swiss"]
[EventRounds "7"]
[EventCountry "NED"]
[SourceTitle "EXT 2023"]
[Source "ChessBase"]
[SourceDate "2022.10.05"]
[SourceVersion "1"]
[SourceVersionDate "2022.10.05"]
[SourceQuality "1"]

1. c4 g6 2. g3 Bg7 3. Bg2 d6 4. Nf3 Nc6 5. b3 Bb2 6. 0-0 Rb8 7. Qc2 Ne5 8. e4 Bg4 9. Rd1 Nxc4 10. Qd3 Rc8 11. Bh3 h5 12. Bxg4 hxg4 13. Qc3 f5 14. exf5 gxf5 1-0

[Event "Spakenburg FishPartners op"]
[Site "Spakenburg"]
[Date "2022.07.02"]
[Round "2"]
[White "Bok, Benjamin"]
[Black "Roebers, Jan"]
[Result "1-0"]
[WhiteElo "2608"]
[BlackElo "2099"]
[PlyCount "47"]
[EventDate "2022.07.02"]
[EventType "swiss"]
[EventRounds "7"]
[EventCountry "NED"]
[SourceTitle "EXT 2023"]
[Source "ChessBase"]
[SourceDate "2022.10.05"]
[SourceVersion "1"]
[SourceVersionDate "2022.10.05"]
[SourceQuality "1"]

1. c4 Nf6 2. Nf3 g6 3. g3 Bg7 4. Bg2 0-0 5. d4 d6 6. Nc3 Nc6 7. 0-0 a6 8. b3 Rb8 9. d5 Na5 10. Bg5 c5 11. dxc6 bxc6 12. Rc1 c5 13. Nd5 Nxd5 14. cxd5 h6 15. Bf4 Bg4 16. Qd2 Kh7 17. e4 Rb4 18. Rfe1 Bxf3 19. Bxf3 Qb8 20. Rxc5 Qb6 21. Rc2 g5 22. Be3 Qb5 23. Be2 Qb8 24. a3 1-0

[Event "Titled Tuesday intern op 31st May Early"]
[Site "Chess.com INT"]
[Date "2022.05.31"]
[Round "1"]
[White "Maksimenko, Viktor"]
[Black "Roebers, Jan"]
[Result "1-0"]
[WhiteElo "2181"]
[BlackElo "2126"]
[PlyCount "45"]
[EventDate "2022.05.31"]
[EventType "swiss (blitz)"]
[EventRounds "11"]
[EventCountry "USA"]
[SourceTitle "CBM 208 Extra"]
[Source "ChessBase"]
[SourceDate "2022.07.31"]
[SourceVersion "1"]
[SourceVersionDate "2022.07.31"]
[SourceQuality "1"]

1. d4 Nf6 2. c4 e6 3. Nf3 Bb4+ 4. Bd2 a5 5. g3 0-0 6. Bg2 d5 7. Qc2 Ne4 8. 0-0 Nxd2 9. Nbxd2 c6 10. e4 dxe4 11. Nxe4 Nd7 12. Rad1 Nf6 13. c5 a4 14. a3 Ba5 15. Nd6 Bc7 16. Nc4 Nd5 17. Nfe5 f6 18. Nd3 Bd7 19. Rfe1 b5 20. cxb6 Nxb6 21. Nc5 Kh8 22. Nxe6 Nd5 23. Nxd8 1-0

[Event "Titled Tuesday intern op 12th Apr Early"]
[Site "Chess.com INT"]
[Date "2022.04.12"]
[Round "4"]
[White "Ianov, Viktor"]
[Black "Roebers, Jan"]
[Result "1-0"]
[WhiteElo "2279"]
[BlackElo "2149"]
[PlyCount "95"]
[EventDate "2022.04.12"]
[EventType "swiss (blitz)"]
[EventRounds "11"]
[EventCountry "USA"]
[SourceTitle "CBM 207 Extra"]
[Source "ChessBase"]
[SourceDate "2022.05.31"]
[SourceVersion "1"]
[SourceVersionDate "2022.05.31"]
[SourceQuality "1"]

1. Nf3 Nf6 2. g3 g6 3. b3 Bg7 4. Bb2 0-0 5. Bg2 d6 6. d4 Nc6 7. 0-0 e5 8. dxe5 dxe5 9. Nxe5 Qxd1 10. Rxd1 Ng4 11. Nd3 Bxb2 12. Nxb2 Bf5 13. Na3 Rad8 14. h3 Nf6 15. g4 Be4 16. f3 Bd5 17. e4 Be6 18. Nb5 a6 19. Nxc7 Rc8 20. Nxe6 fxe6 21. Rd2 e5 22. c3 a5 23. Rad1 b5 24. Bf1 b4 25. Bc4+ Kh8 26. cxb4 axb4 27. Kg2 h5 28. Nd3 h4 29. Nc5 Na5 30. Ne6 Nxc4 31. bxc4 Rfe8 32. Rd8 Ng8 33. Rxe8 Rxe8 34. Nc5 Rc8 35. Rd5 Ra8 36. Rxe5 Rxa2+ 37. Kg1 Rc2 38. Re8 Rxc4 39. Ne6 b3 40. Rb8 Rc3 41. Kf2 Rc2+ 42. Ke3 b2 43. Kf4 Kh7 44. Kg5 Rc6 45. Rb7+ Kh8 46. Nf4 Nf6 47. Nxg6+ Kg8 48. Ne7+ 1-0

[Event "Titled Tuesday intern op 12th Apr Early"]
[Site "Chess.com INT"]
[Date "2022.04.12"]
[Round "2"]
[White "Roebers, Jan"]
[Black "Zia, Tahsin Tajwar"]
[Result "1-0"]
[WhiteElo "2149"]
[BlackElo "2307"]
[PlyCount "47"]
[EventDate "2022.04.12"]
[EventType "swiss (blitz)"]
[EventRounds "11"]
[EventCountry "USA"]
[SourceTitle "CBM 207 Extra"]
[Source "ChessBase"]
[SourceDate "2022.05.31"]
[SourceVersion "1"]
[SourceVersionDate "2022.05.31"]
[SourceQuality "1"]

1. e4 c6 2. d4 d5 3. Nc3 dxe4 4. Nxe4 Nf6 5. Nxf6+ exf6 6. h3 Bd6 7. c3 0-0 8. Bd3 Re8+ 9. Ne2 Nd7 10. 0-0 Nf8 11. Bf4 Ng6 12. Bxd6 Qxd6 13. Qd2 Be6 14. b3 Rad8 15. Rae1 a5 16. Ng3 Nh4 17. Ne4 Qc7 18. Nc5 Bxh3 19. Rxe8+ Rxe8 20. Re1 Rxe1+ 21. Qxe1 Bd7 22. Qe7 g5 23. Nxd7 Qf4 24. Qf8# 1-0

[Event "EU-ch 22nd"]
[Site "Terme Catez"]
[Date "2022.04.04"]
[Round "9"]
[White "Roebers, Jan"]
[Black "Ghita, Vlad Bogdan"]
[Result "1-0"]
[WhiteElo "2156"]
[BlackElo "1981"]
[PlyCount "51"]
[EventDate "2022.03.27"]
[EventType "swiss"]
[EventRounds "11"]
[EventCountry "SLO"]
[SourceTitle "CBM 208"]
[Source "ChessBase"]
[SourceDate "2022.06.30"]
[SourceVersion "1"]
[SourceVersionDate "2022.06.30"]
[SourceQuality "1"]

1. e4 c5 2. Nf3 d6 3. d4 cxd4 4. Nxd4 Nf6 5. Nc3 a6 6. g3 e5 7. Nb3 Qc7 8. Bg2 b5 9. 0-0 Bb7 10. a4 b4 11. Nd5 Bxd5 12. exd5 Nbd7 13. a5 Be7 14. Bd2 Qc4 15. Re1 0-0 16. Bf1 Qxd5 17. Bxb4 Rab8 18. Ba3 Rfc8 19. Bxa6 Qxd1 20. Raxd1 Rxc2 21. Nd4 Rc7 22. Bf1 Nc5 23. Nf5 Ne8 24. Nxe7+ Rxe7 25. b4 Nb3 26. Rd3 1-0

[Event "Titled Tuesday intern op 25th Jan"]
[Site "Chess.com INT"]
[Date "2022.01.25"]
[Round "6"]
[White "Pinto, Daniel"]
[Black "Roebers, Jan"]
[Result "1-0"]
[WhiteElo "2211"]
[BlackElo "2154"]
[PlyCount "73"]
[EventDate "2022.01.25"]
[EventType "swiss (blitz)"]
[EventRounds "11"]
[EventCountry "USA"]
[SourceTitle "CBM 206 Extra"]
[Source "ChessBase"]
[SourceDate "2022.03.31"]
[SourceVersion "1"]
[SourceVersionDate "2022.03.31"]
[SourceQuality "1"]

1. e4 e5 2. Nf3 Nc6 3. Bb5 a6 4. Ba4 Nf6 5. 0-0 Be7 6. d3 b5 7. Bb3 0-0 8. a3 d5 9. exd5 Nxd5 10. h3 Nd4 11. Nxd4 exd4 12. Nd2 Bb7 13. Nf3 c5 14. Re1 Bd6 15. Ng5 Re8 16. Bd2 Rxe1+ 17. Qxe1 Qd7 18. Qe4 g6 19. Qh4 h5 20. Re1 Re8 21. Rxe8+ Qxe8 22. Ne4 Be7 23. Qg3 Qd8 24. Qe5 a5 25. Bxa5 Qxa5 26. Bxd5 Qe1+ 27. Kh2 Bxd5 28. Nf6+ Bxf6 29. Qxe1 Kg7 30. Qe8 c4 31. Qxb5 Be6 32. dxc4 Bf5 33. Qb3 Be5+ 34. g3 h4 35. a4 hxg3+ 36. fxg3 Be4 37. a5 1-0

[Event "Titled Tuesday intern op 25th Jan"]
[Site "Chess.com INT"]
[Date "2022.01.25"]
[Round "4"]
[White "Roebers, Jan"]
[Black "Aukhatov, Roman"]
[Result "0-1"]
[WhiteElo "2154"]
[BlackElo "2281"]
[PlyCount "88"]
[EventDate "2022.01.25"]
[EventType "swiss (blitz)"]
[EventRounds "11"]
[EventCountry "USA"]
[SourceTitle "CBM 206 Extra"]
[Source "ChessBase"]
[SourceDate "2022.03.31"]
[SourceVersion "1"]
[SourceVersionDate "2022.03.31"]
[SourceQuality "1"]

1. e4 e5 2. Nf3 Nc6 3. Bb5 Nf6 4. d3 Bc5 5. 0-0 Qe7 6. c3 a6 7. Ba4 0-0 8. Bg5 h6 9. Bh4 d6 10. Nbd2 Bg4 11. h3 Bh5 12. Bb3 g5 13. Bg3 Kg7 14. Nc4 Rad8 15. Ne3 Bg6 16. Nh2 Bxe3 17. fxe3 d5 18. exd5 Nxd5 19. Bxd5 Rxd5 20. d4 exd4 21. exd4 f5 22. Re1 Qf7 23. Be5+ Nxe5 24. Rxe5 Rxe5 25. dxe5 Re8 26. Qe2 Qe6 27. Re1 Rd8 28. Nf3 c5 29. Rd1 Rxd1+ 30. Qxd1 Bh5 31. Qe1 Bxf3 32. gxf3 Kf7 33. Kg2 Qxa2 34. Qe2 Qd5 35. b4 Ke6 36. bxc5 Qxc5 37. Qa2+ Kxe5 38. Qf7 Kf4 39. Qxb7 Qxc3 40. Qb8+ Ke3 41. Qe8+ Kd3 42. Qd7+ Kc2 43. Qxf5+ Qd3 44. Qc8+ Kd1 0-1

[Event "Titled Tuesday intern op 25th Jan"]
[Site "Chess.com INT"]
[Date "2022.01.25"]
[Round "7"]
[White "Roebers, Jan"]
[Black "Matic, Novica"]
[Result "1-0"]
[WhiteElo "2154"]
[BlackElo "1769"]
[PlyCount "75"]
[EventDate "2022.01.25"]
[EventType "swiss (blitz)"]
[EventRounds "11"]
[EventCountry "USA"]
[SourceTitle "CBM 206 Extra"]
[Source "ChessBase"]
[SourceDate "2022.03.31"]
[SourceVersion "1"]
[SourceVersionDate "2022.03.31"]
[SourceQuality "1"]

1. e4 c5 2. d4 cxd4 3. c3 dxc3 4. Nxc3 Nc6 5. Nf3 d6 6. Bc4 a6 7. 0-0 Nf6 8. e5 dxe5 9. Qxd8+ Nxd8 10. Nxe5 Be6 11. Be2 g6 12. Bf3 Bg7 13. Na4 Rc8 14. Be3 b5 15. Nc5 Bd5 16. Nxa6 Bxf3 17. Nxf3 0-0 18. Nb4 Ne4 19. Bd4 f6 20. Rfe1 Nd6 21. Rxe7 Nf5 22. Ra7 Nxd4 23. Nxd4 f5 24. Nxb5 Bxb2 25. Rb1 Nc6 26. Nxc6 Rxc6 27. g3 Bf6 28. a4 Rfc8 29. Rd1 Rc1 30. Rxc1 Rxc1+ 31. Kg2 Ra1 32. a5 Bd8 33. a6 Bb6 34. Ra8+ Kg7 35. a7 Ra2 36. Rb8 Bxa7 37. Rb7+ Kf6 38. Nxa7 1-0

[Event "Titled Tuesday intern op 18th Jan"]
[Site "Chess.com INT"]
[Date "2022.01.18"]
[Round "4"]
[White "Lomaia, Diana"]
[Black "Roebers, Jan"]
[Result "1-0"]
[WhiteElo "1940"]
[BlackElo "2154"]
[PlyCount "83"]
[EventDate "2022.01.18"]
[EventType "swiss (blitz)"]
[EventRounds "11"]
[EventCountry "USA"]
[SourceTitle "CBM 206 Extra"]
[Source "ChessBase"]
[SourceDate "2022.03.31"]
[SourceVersion "1"]
[SourceVersionDate "2022.03.31"]
[SourceQuality "1"]

1. d4 Nf6 2. c4 g6 3. Nf3 Bg7 4. g3 0-0 5. Bg2 d6 6. 0-0 Nc6 7. d5 Na5 8. Qa4 c5 9. Bd2 b6 10. Bc3 Bd7 11. Qc2 a6 12. b3 b5 13. Nbd2 Bf5 14. e4 Bg4 15. h3 Bxf3 16. Bxf3 Nd7 17. Bxg7 Kxg7 18. Bg2 bxc4 19. bxc4 Rb8 20. Rab1 Qc7 21. f4 f6 22. h4 Rb4 23. a3 Rxb1 24. Rxb1 Rb8 25. Bh3 Rxb1+ 26. Qxb1 Nb6 27. Qd3 Na8 28. Qc3 Qb6 29. e5 Nc7 30. exf6+ exf6 31. Ne4 Qb1+ 32. Bf1 Qxe4 33. Qxa5 Ne8 34. Qxa6 f5 35. Qb7+ Kh6 36. Qb8 Ng7 37. Qxd6 Qe3+ 38. Kh2 Qf2+ 39. Bg2 Kh5 40. Qf6 h6 41. d6 Ne8 42. Qe6 1-0

[Event "Titled Tuesday intern op 18th Jan"]
[Site "Chess.com INT"]
[Date "2022.01.18"]
[Round "3"]
[White "Roebers, Jan"]
[Black "Batbold, Nyamsuren"]
[Result "1-0"]
[WhiteElo "2154"]
[BlackElo "1954"]
[PlyCount "101"]
[EventDate "2022.01.18"]
[EventType "swiss (blitz)"]
[EventRounds "11"]
[EventCountry "USA"]
[SourceTitle "CBM 206 Extra"]
[Source "ChessBase"]
[SourceDate "2022.03.31"]
[SourceVersion "1"]
[SourceVersionDate "2022.03.31"]
[SourceQuality "1"]

1. e4 c5 2. d4 cxd4 3. c3 dxc3 4. Nxc3 Nc6 5. Nf3 d6 6. Bc4 e6 7. 0-0 Nf6 8. Qe2 Be7 9. Rd1 a6 10. e5 Ng4 11. exd6 Bf6 12. Ne4 Nge5 13. Nxf6+ gxf6 14. Nxe5 Nxe5 15. Bb3 b5 16. a4 Bd7 17. Bf4 Ng6 18. Bh6 Rg8 19. axb5 Bxb5 20. Bc4 Bc6 21. Bxe6 Ne5 22. d7+ Ke7 23. Bd5 Qxd7 24. Bxc6 Qxc6 25. f3 Qxf3 26. Qxf3 Nxf3+ 27. Kh1 Ne5 28. Bf4 Rgb8 29. Rd2 Rb4 30. g3 a5 31. Re1 Ke6 32. Rde2 Rb5 33. g4 Rg8 34. h3 h6 35. Bxh6 Rh8 36. g5 Kf5 37. Kg2 fxg5 38. Rxe5+ Rxe5 39. Rxe5+ Kg6 40. Bxg5 f6 41. Rxa5 fxg5 42. Rb5 Rc8 43. Kg3 Rc2 44. b3 Rc3+ 45. Kg4 Rc6 46. b4 Rd6 47. Rc5 Rd4+ 48. Kg3 Rxb4 49. Rd5 Kh5 50. Rd3 Rb3 51. Rxb3 1-0

[Event "Titled Tuesday intern op 11th Jan"]
[Site "Chess.com INT"]
[Date "2022.01.11"]
[Round "11"]
[White "Bjelobrk, Igor"]
[Black "Roebers, Jan"]
[Result "1-0"]
[WhiteElo "2403"]
[BlackElo "2154"]
[PlyCount "39"]
[EventDate "2022.01.11"]
[EventType "swiss (blitz)"]
[EventRounds "11"]
[EventCountry "USA"]
[SourceTitle "CBM 206 Extra"]
[Source "ChessBase"]
[SourceDate "2022.03.31"]
[SourceVersion "1"]
[SourceVersionDate "2022.03.31"]
[SourceQuality "1"]

1. Nf3 d5 2. d4 Nc6 3. e3 Nf6 4. Bb5 Bg4 5. c4 e6 6. 0-0 Be7 7. Nbd2 0-0 8. Bxc6 bxc6 9. Qa4 Bxf3 10. Nxf3 Qd6 11. c5 Qd7 12. Ne5 Qe8 13. Qxc6 Qxc6 14. Nxc6 Rfe8 15. b4 Ne4 16. a4 Bf6 17. Ra3 a6 18. f3 Ng5 19. h4 Ne4 20. fxe4 1-0

[Event "Titled Tuesday intern op 11th Jan"]
[Site "Chess.com INT"]
[Date "2022.01.11"]
[Round "9"]
[White "Kett, Timothy"]
[Black "Roebers, Jan"]
[Result "1-0"]
[WhiteElo "2136"]
[BlackElo "2154"]
[PlyCount "33"]
[EventDate "2022.01.11"]
[EventType "swiss (blitz)"]
[EventRounds "11"]
[EventCountry "USA"]
[SourceTitle "CBM 206 Extra"]
[Source "ChessBase"]
[SourceDate "2022.03.31"]
[SourceVersion "1"]
[SourceVersionDate "2022.03.31"]
[SourceQuality "1"]

1. e4 e5 2. f4 Bd6 3. Nf3 f6 4. Nc3 Ne7 5. d4 exd4 6. Nxd4 0-0 7. Bd3 Nbc6 8. Nxc6 dxc6 9. 0-0 Bc5+ 10. Kh1 Ng6 11. Qh5 Qd7 12. h3 Qe6 13. f5 Qe5 14. Qg4 Nf4 15. Bxf4 Qd4 16. Bh6 b6 17. Qxg7# 1-0